00465nam a2200133Ia 4500008004100000100001500041245009000056245003700146260005300183260000900236300001000245650001500255856006100270170221s9999 xx 000 0 und d aAnwar Khan aPsychometric Testing of Oldenburg Burnout Inventory among Academic Staff in Pakistan  cAnwar Khan, Rosman Bin Md Yusoff bInternational Review of Management and Marketing c2016 a6 : 4 xMarketing. uhttp://www.econjournals.com/index.php/irmm/issue/view/88